Zákon o slobode informácií a žiadosť o sprístupnenie podania žiadosti o poskytnutie informácií

Analýza zákona o slobode informácií, konkrétne absencia právnej definície pojmu informácia, právny pojem "mať k dispozícii" z hľadiska praktických skúseností.

Salvato in:
Dettagli Bibliografici
Autore principale: Soldán, Artúr
Natura: Capitolo di libro
Lingua:slovacco
Soggetti:
Tags: Aggiungi Tag
Nessun Tag, puoi essere il primo ad aggiungerne!!

MARC

LEADER 00000naa a2200000 4500
001 0236321
005 20171006074944.5
041 0 |a slo 
044 |a SK 
245 1 0 |a Zákon o slobode informácií a žiadosť o sprístupnenie podania žiadosti o poskytnutie informácií  |c Artúr Soldán 
520 |a Analýza zákona o slobode informácií, konkrétne absencia právnej definície pojmu informácia, právny pojem "mať k dispozícii" z hľadiska praktických skúseností. 
610 2 0 |a informácie 
610 2 0 |a pojmy 
610 2 0 |a sloboda informácií 
610 2 0 |a úpravy právne 
100 1 |a Soldán, Artúr